[Event "Europa ch s-16 femenino"]
[Site "Herceg Novi  MNT"]
[Date "2008.09.23"]
[Round "8.13"]
[White "Semenova, Elena"]
[Black "Frey, Alisa"]
[Result "1-0"]
[WhiteElo "2048"]
[BlackElo "1939"]
[PlyCount "119"]
[EventDate "2008.09.15"]
[EventType "swiss"]
[EventRounds "9"]
[Source "lmi"]
[SourceDate "2008.09.15"]

1. e4 c5 2. Nf3 d6 3. d4 cxd4 4. Nxd4 Nf6 5. Nc3 a6 6. f4 e5 7. Nf3 Nbd7 8. a4
Be7 9. Bd3 O-O 10. O-O Nc5 11. Kh1 exf4 12. Bxf4 Bg4 13. Qe1 Bh5 14. Nd4 Bg6
15. Rd1 Re8 16. Qf2 Qd7 17. Rfe1 Nxa4 18. Nxa4 Qxa4 19. Nf5 Ng4 20. Nxe7+ Rxe7
21. Qh4 Nf6 22. b3 Qc6 23. Bxd6 Qxd6 24. e5 Rxe5 25. Bxg6 Rxe1+ 26. Qxe1 Qc5
27. Bd3 Re8 28. Qh4 Qh5 29. Qxh5 Nxh5 30. Kg1 Kf8 31. Kf2 Rd8 32. Kf3 Nf6 33.
Re1 h6 34. Re2 Re8 35. Rd2 Re5 36. Kf4 Re1 37. Bc4 Ke7 38. Rd4 b5 39. Bd3 g5+
40. Kf3 Re5 41. c4 bxc4 42. Rxc4 a5 43. Rc7+ Nd7 44. Ra7 h5 45. g3 Rc5 46. Bc4
f5 47. Ke3 Kd8 48. Kd4 Kc8 49. Ba6+ Kb8 50. Rb7+ Ka8 51. Rxd7 Rc2 52. Bd3 Rxh2
53. Bxf5 h4 54. gxh4 gxh4 55. Kc5 Rb2 56. Be6 Re2 57. Re7 Rd2 58. Kb6 Rd8 59.
Bd5+ Kb8 60. Rb7+ 1-0

[Event "Europa ch s-16 femenino"]
[Site "Herceg Novi  MNT"]
[Date "2008.09.23"]
[Round "8.14"]
[White "Petrova, Irina"]
[Black "Penne, Bo"]
[Result "1-0"]
[WhiteElo "2011"]
[BlackElo "1881"]
[PlyCount "73"]
[EventDate "2008.09.15"]
[EventType "swiss"]
[EventRounds "9"]
[Source "lmi"]
[SourceDate "2008.09.15"]

1. Nf3 d5 2. d4 e6 3. c4 Nf6 4. g3 Nc6 5. Bg2 Be7 6. O-O O-O 7. b3 b6 8. Nc3
Bb7 9. Bf4 a6 10. Rc1 Rc8 11. Ne5 Na5 12. cxd5 exd5 13. Bh3 Ra8 14. Na4 Bd6 15.
Bg5 Be7 16. Bxf6 Bxf6 17. Nd7 Re8 18. Nxf6+ gxf6 19. Qc2 Nc6 20. Rfd1 Kg7 21.
Bf5 h6 22. Qd2 Qd6 23. Rc3 Re7 24. Rf3 Rae8 25. Rf4 h5 26. Nc3 Bc8 27. Bb1 Bg4
28. Qd3 Rh8 29. f3 Bc8 30. e4 Nb4 31. Qd2 Bb7 32. a3 dxe4 33. axb4 exf3 34. Ne4
Qe6 35. d5 Qh3 36. Rh4 Qd7 37. Qf4 1-0

[Event "Europa ch s-16 femenino"]
[Site "Herceg Novi  MNT"]
[Date "2008.09.23"]
[Round "8.16"]
[White "Todorova, Kalina"]
[Black "Forgues, Valerie"]
[Result "1-0"]
[WhiteElo "1711"]
[BlackElo "1999"]
[PlyCount "107"]
[EventDate "2008.09.15"]
[EventType "swiss"]
[EventRounds "9"]
[Source "lmi"]
[SourceDate "2008.09.15"]

1. d4 Nf6 2. c4 e6 3. Nf3 Bb4+ 4. Bd2 Qe7 5. g3 Nc6 6. Bg2 Bxd2+ 7. Nbxd2 d6 8.
O-O a5 9. a3 O-O 10. e4 e5 11. d5 Nb8 12. Ne1 Na6 13. Nd3 Bg4 14. Bf3 Bd7 15.
Bg2 c6 16. f4 cxd5 17. fxe5 dxe5 18. exd5 Ng4 19. Qe2 f6 20. Ne4 f5 21. Nef2
Nxf2 22. Qxf2 e4 23. Nf4 Rac8 24. Qd4 Nc5 25. d6 Qf7 26. Rad1 Ba4 27. Nd5 Bxd1
28. Ne7+ Kh8 29. Nxc8 Rxc8 30. Rxd1 Nd7 31. Bf1 Qe6 32. b4 axb4 33. axb4 b6 34.
Qd5 Qxd5 35. Rxd5 g6 36. Kf2 Kg7 37. Ke3 Kf6 38. Kd4 Nb8 39. c5 Nc6+ 40. Kc3
Ke6 41. d7 Rc7 42. d8=Q Nxd8 43. Rxd8 bxc5 44. b5 Rd7 45. Rxd7 Kxd7 46. Bc4 h6
47. Bf7 g5 48. Bg6 Ke6 49. b6 Kd6 50. Bxf5 Kc6 51. Bxe4+ Kxb6 52. Kc4 h5 53. h3
h4 54. g4 1-0

[Event "Europa ch s-16 femenino"]
[Site "Herceg Novi  MNT"]
[Date "2008.09.23"]
[Round "8.18"]
[White "Grigorian, Marine"]
[Black "Ponomarenko, Natalia"]
[Result "1-0"]
[WhiteElo "2131"]
[BlackElo "1961"]
[PlyCount "99"]
[EventDate "2008.09.15"]
[EventType "swiss"]
[EventRounds "9"]
[Source "lmi"]
[SourceDate "2008.09.15"]

1. e4 c5 2. Nc3 Nc6 3. Bb5 g6 4. Bxc6 dxc6 5. d3 Bg7 6. f4 e6 7. Nf3 Ne7 8. O-O
O-O 9. Qe1 Bd7 10. Be3 b6 11. Kh1 f5 12. Rd1 Qc7 13. Qh4 Rae8 14. Ng5 h6 15.
Nf3 Rf7 16. h3 Ref8 17. e5 Nd5 18. Bd2 Qd8 19. Qg3 Kh7 20. Nxd5 cxd5 21. Nh4 g5
22. fxg5 hxg5 23. Bxg5 Bxe5 24. Qe3 Bf6 25. Nf3 Rg8 26. Bxf6 Qxf6 27. Ne5 Rfg7
28. Rd2 Be8 29. c3 Rg3 30. Qf4 Qg5 31. Qxg5 R8xg5 32. Re1 d4 33. cxd4 cxd4 34.
Nf3 Rg6 35. Nxd4 Bd7 36. Kh2 f4 37. Re4 Rf6 38. Ne2 Rg7 39. Nxf4 Rgf7 40. g3
Kg8 41. Rde2 b5 42. b4 Rf5 43. Re5 R5f6 44. d4 Kf8 45. a3 Kg8 46. h4 Kh7 47.
Nxe6 Rf2+ 48. Kg1 Rf1+ 49. Kg2 Bc6+ 50. d5 1-0

[Event "Europa ch s-16 femenino"]
[Site "Herceg Novi  MNT"]
[Date "2008.09.23"]
[Round "8.19"]
[White "Jimenez Lupianez, Laura"]
[Black "Eric, Jovana"]
[Result "0-1"]
[WhiteElo "1901"]
[BlackElo "2111"]
[PlyCount "40"]
[EventDate "2008.09.15"]
[EventType "swiss"]
[EventRounds "9"]
[Source "lmi"]
[SourceDate "2008.09.15"]

1. d4 d5 2. c4 c6 3. Nc3 e6 4. e4 dxe4 5. Nxe4 Bb4+ 6. Bd2 Bxd2+ 7. Qxd2 Nf6 8.
Nxf6+ Qxf6 9. Nf3 O-O 10. Bd3 h6 11. O-O-O c5 12. dxc5 Nd7 13. Qe3 Qe7 14. c6
bxc6 15. Qe4 Nf6 16. Qxc6 Rb8 17. Ne5 Qb4 18. Rd2 Qa5 19. a3 Qxe5 20. Qa4 a5
0-1

[Event "Europa ch s-16 femenino"]
[Site "Herceg Novi  MNT"]
[Date "2008.09.23"]
[Round "8.20"]
[White "Trubitsyna, Yulia"]
[Black "Hitter, Gabriella"]
[Result "1/2-1/2"]
[WhiteElo "1872"]
[BlackElo "2075"]
[PlyCount "96"]
[EventDate "2008.09.15"]
[EventType "swiss"]
[EventRounds "9"]
[Source "lmi"]
[SourceDate "2008.09.15"]

1. e4 c5 2. Nf3 d6 3. d3 Nf6 4. g3 e6 5. Bg2 Be7 6. O-O O-O 7. e5 Nd5 8. exd6
Bxd6 9. Nc3 Be7 10. Ne4 Nc6 11. c3 e5 12. Re1 Bg4 13. Qc2 Re8 14. Bg5 f6 15.
Bc1 Kh8 16. Ned2 Rb8 17. Nc4 b5 18. Ne3 Be6 19. a4 b4 20. Nc4 Bf8 21. Bd2 Bf5
22. Nh4 Be6 23. Rad1 Nce7 24. Ne3 bxc3 25. Bxc3 Nxe3 26. Rxe3 Bb3 27. Qe2 Bxd1
28. Qxd1 Nd5 29. Re1 Nxc3 30. bxc3 g6 31. c4 Rb4 32. Bd5 Qd6 33. f4 Reb8 34. f5
g5 35. Qg4 Bg7 36. Nf3 Rxa4 37. h4 h6 38. Qh5 Qe7 39. hxg5 fxg5 40. Nxe5 Qf6
41. Kh1 Ra1 42. Rxa1 Qxe5 43. Rf1 Qf6 44. Re1 Rf8 45. g4 Qc3 46. Re6 Qc1+ 47.
Kg2 Qd2+ 48. Kh1 Qd1+ 1/2-1/2

[Event "Europa ch s-16 femenino"]
[Site "Herceg Novi  MNT"]
[Date "2008.09.23"]
[Round "8.21"]
[White "Korniyuk, Mariya"]
[Black "Narva, Ann"]
[Result "1-0"]
[WhiteElo "2009"]
[BlackElo "1647"]
[PlyCount "57"]
[EventDate "2008.09.15"]
[EventType "swiss"]
[EventRounds "9"]
[Source "lmi"]
[SourceDate "2008.09.15"]

1. e4 c5 2. Nf3 d6 3. d4 cxd4 4. Nxd4 Nf6 5. Nc3 g6 6. g3 Bg7 7. Bg2 O-O 8. O-O
Nc6 9. Nde2 Be6 10. h3 Rb8 11. a4 a6 12. f4 b5 13. axb5 axb5 14. Be3 Qc7 15.
Nd5 Bxd5 16. exd5 Na5 17. b3 Rfc8 18. Nd4 Nd7 19. Re1 b4 20. Ra2 Nc5 21. Qe2
Bxd4 22. Bxd4 Re8 23. Rea1 Nab7 24. Qb5 Nd7 25. Qxb4 Nbc5 26. Qd2 e5 27. dxe6
fxe6 28. Ra7 Qd8 29. b4 1-0

[Event "Europa ch s-16 femenino"]
[Site "Herceg Novi  MNT"]
[Date "2008.09.23"]
[Round "8.23"]
[White "Goossens, Hanne"]
[Black "Johannsdottir, Johanna Bjorg"]
[Result "1/2-1/2"]
[WhiteElo "1941"]
[BlackElo "1655"]
[PlyCount "83"]
[EventDate "2008.09.15"]
[EventType "swiss"]
[EventRounds "9"]
[Source "lmi"]
[SourceDate "2008.09.15"]

1. e4 c5 2. Nf3 e6 3. d4 cxd4 4. Nxd4 a6 5. Bd3 Qc7 6. Nc3 Nf6 7. Qe2 d6 8. Bg5
Nbd7 9. O-O-O b5 10. Rde1 Be7 11. f4 b4 12. Nd1 O-O 13. e5 Nd5 14. Bxe7 Nxe7
15. Qh5 Ng6 16. Re3 Nc5 17. Nf2 f5 18. Ne2 dxe5 19. Rh3 exf4 20. Qxh7+ Kf7 21.
Rh6 Ne7 22. g4 Bb7 23. Rg1 Rh8 24. Qxh8 Rxh8 25. Rxh8 Bf3 26. Nd4 Bxg4 27. h3
Ng6 28. Ra8 Qb7 29. Rd8 Nxd3+ 30. Nxd3 Bxh3 31. Nxe6 Qb6 32. Re1 Kf6 33. Rd7
Bg2 34. Nxg7 Nf8 35. Ne8+ Kg5 36. Rg7+ Ng6 37. Ne5 f3 38. Rxg6+ Qxg6 39. Nxg6
f2 40. Kd2 fxe1=Q+ 41. Kxe1 Kxg6 42. Nc7 1/2-1/2

[Event "Europa ch s-16 femenino"]
[Site "Herceg Novi  MNT"]
[Date "2008.09.23"]
[Round "8.24"]
[White "Miladinovic, Lena"]
[Black "De Seroux, Camille"]
[Result "0-1"]
[WhiteElo "1850"]
[BlackElo "1898"]
[PlyCount "82"]
[EventDate "2008.09.15"]
[EventType "swiss"]
[EventRounds "9"]
[Source "lmi"]
[SourceDate "2008.09.15"]

1. e4 c5 2. Nf3 d6 3. d4 cxd4 4. Nxd4 Nf6 5. Nc3 g6 6. Be3 Bg7 7. f3 O-O 8. Qd2
Nc6 9. Bc4 Bd7 10. Bb3 Qa5 11. O-O-O Rfc8 12. g4 Ne5 13. h4 Nc4 14. Bxc4 Rxc4
15. h5 Rac8 16. Kb1 Rxc3 17. bxc3 Bxg4 18. Nb3 Qb5 19. hxg6 fxg6 20. Qg2 Rxc3
21. Rde1 Be6 22. Bd4 Rc4 23. Bb2 a5 24. Qe2 Qb4 25. Qd2 a4 26. Qxb4 Rxb4 27. a3
Rb6 28. Nd4 Nd7 29. Kc1 Bf7 30. Ba1 Ne5 31. f4 Nc4 32. Rh3 Bf6 33. Reh1 h5 34.
Rg1 Kh7 35. Rf1 Na5 36. e5 dxe5 37. fxe5 Bg5+ 38. Kd1 Rb1+ 39. Ke2 Bc4+ 40. Kf3
Rxf1+ 41. Ke4 Rxa1 0-1

[Event "Europa ch s-16 femenino"]
[Site "Herceg Novi  MNT"]
[Date "2008.09.23"]
[Round "8.25"]
[White "Haug, Marianne Wold"]
[Black "Edes, Zsofia"]
[Result "1-0"]
[WhiteElo "1881"]
[BlackElo "1812"]
[PlyCount "91"]
[EventDate "2008.09.15"]
[EventType "swiss"]
[EventRounds "9"]
[Source "lmi"]
[SourceDate "2008.09.15"]

1. e4 c5 2. Nf3 d6 3. d4 cxd4 4. Nxd4 Nf6 5. Nc3 a6 6. Be2 e5 7. Nb3 Be7 8. O-O
O-O 9. a4 Be6 10. Bf3 Nbd7 11. Be3 Qc7 12. a5 Rac8 13. Qd2 Rfd8 14. Rfd1 Bxb3
15. cxb3 Nc5 16. Ra3 Ncd7 17. b4 Qc4 18. Nd5 Nxd5 19. exd5 Qc2 20. Rc3 Qf5 21.
Rdc1 Nf6 22. Bb6 Rxc3 23. bxc3 Re8 24. c4 Bd8 25. Be3 h6 26. Qc2 Qd7 27. Bd1
Ng4 28. Qa4 Qxa4 29. Bxa4 Nxe3 30. Bxe8 Nf5 31. Bd7 Nd4 32. Kf1 b6 33. axb6
Bxb6 34. Ra1 a5 35. bxa5 Ba7 36. Rb1 Kf8 37. a6 Ke7 38. Rb7 Bc5 39. a7 Bxa7 40.
Rxa7 Kf6 41. Be8 Kg6 42. Rxf7 Kh7 43. g4 Kg8 44. Rd7 Nf3 45. Bg6 Kf8 46. Rf7+
1-0

[Event "Europa ch s-16 femenino"]
[Site "Herceg Novi  MNT"]
[Date "2008.09.23"]
[Round "8.26"]
[White "Sabolova, Gabriela"]
[Black "Arce Calva, Elvira"]
[Result "0-1"]
[WhiteElo "1814"]
[BlackElo "1876"]
[PlyCount "112"]
[EventDate "2008.09.15"]
[EventType "swiss"]
[EventRounds "9"]
[Source "lmi"]
[SourceDate "2008.09.15"]

1. d4 d5 2. Nf3 Nf6 3. e3 Bf5 4. c4 c6 5. Nc3 e6 6. Bd3 Bg6 7. O-O Nbd7 8. Re1
Be7 9. e4 dxe4 10. Nxe4 Nxe4 11. Bxe4 Nb6 12. Ne5 O-O 13. b3 Bf6 14. Bxg6 hxg6
15. Bb2 Qc7 16. Qg4 Rfe8 17. Re3 Rad8 18. Rae1 Nc8 19. Ba3 Nd6 20. Rd3 Nf5 21.
Nf3 Qa5 22. Bc1 Nxd4 23. Bd2 Nxf3+ 24. Qxf3 Qxa2 25. Bf4 Rxd3 26. Qxd3 Rd8 27.
Qf3 Qc2 28. Rc1 Qd3 29. Qxd3 Rxd3 30. Rb1 Kf8 31. Kf1 Ke7 32. Ke2 Rd7 33. b4
Rd4 34. Bb8 Rxc4 35. Bxa7 Rc2+ 36. Kd3 Rc3+ 37. Ke4 Rc4+ 38. Kd3 Rc3+ 39. Ke2
Be5 40. Kd2 Ra3 41. Bb6 Ra2+ 42. Kd3 Rb2 43. Rd1 Bd6 44. Bc5 Bxc5 45. bxc5 b6
46. cxb6 Rxb6 47. Kc4 Rb5 48. Rd2 g5 49. g4 Ra5 50. Kb4 Rd5 51. Ra2 Rd4+ 52.
Kc5 Rxg4 53. Kxc6 Rg2 54. h3 Rh2 55. Ra5 Kf6 56. Ra2 Rxh3 0-1

[Event "Europa ch s-16 femenino"]
[Site "Herceg Novi  MNT"]
[Date "2008.09.23"]
[Round "8.27"]
[White "Bauer, Marie-Christine"]
[Black "Nesic, Dragana"]
[Result "1-0"]
[WhiteElo "1707"]
[BlackElo "1873"]
[PlyCount "63"]
[EventDate "2008.09.15"]
[EventType "swiss"]
[EventRounds "9"]
[Source "lmi"]
[SourceDate "2008.09.15"]

1. e4 d5 2. exd5 Qxd5 3. Nc3 Qa5 4. d4 c6 5. Bc4 Nf6 6. Nf3 Bg4 7. h3 Bxf3 8.
Qxf3 e6 9. O-O Bd6 10. Re1 O-O 11. Bd3 Qb4 12. g4 Qxd4 13. g5 Ne8 14. Bxh7+
Kxh7 15. Re4 Qxe4 16. Qh5+ Kg8 17. Nxe4 Nd7 18. g6 Ndf6 19. Nxf6+ Nxf6 20. Qe2
Rae8 21. gxf7+ Rxf7 22. Be3 Bb8 23. Rd1 Nd5 24. Bg5 Bc7 25. c3 Nf4 26. Qg4 Nd5
27. Re1 e5 28. Kh1 Rxf2 29. c4 Ba5 30. Rg1 Nb6 31. Bf6 Kf7 32. Qg6+ 1-0

[Event "Europa ch s-16 femenino"]
[Site "Herceg Novi  MNT"]
[Date "2008.09.23"]
[Round "8.29"]
[White "Vericeanu, Ilinca"]
[Black "Motycakova, Monika"]
[Result "1-0"]
[WhiteElo "1811"]
[BlackElo "1948"]
[PlyCount "77"]
[EventDate "2008.09.15"]
[EventType "swiss"]
[EventRounds "9"]
[Source "lmi"]
[SourceDate "2008.09.15"]

1. e4 e5 2. Nf3 Nc6 3. Bb5 a6 4. Ba4 Nf6 5. d3 b5 6. Bb3 Be7 7. O-O d6 8. c3
O-O 9. Re1 Na5 10. Bc2 c5 11. Nbd2 Bd7 12. Nf1 Nc6 13. Ng3 Re8 14. h3 h6 15.
Be3 Rc8 16. Qd2 Bf8 17. Rac1 d5 18. exd5 Nxd5 19. Ne4 f5 20. Bb3 Be6 21. Nxc5
Bf7 22. g3 f4 23. gxf4 exf4 24. Bd4 Rxe1+ 25. Rxe1 Nxd4 26. cxd4 Bxc5 27. dxc5
Rxc5 28. d4 Rc7 29. Ne5 Be6 30. Kh2 Qh4 31. Ng4 Bxg4 32. Bxd5+ Kh7 33. Qxf4
Qxh3+ 34. Kg1 Rc8 35. Qe4+ Kh8 36. Qg6 Bf5 37. Re8+ Rxe8 38. Qxe8+ Kh7 39. Bg8+
1-0

[Event "Europa ch s-16 femenino"]
[Site "Herceg Novi  MNT"]
[Date "2008.09.23"]
[Round "8.30"]
[White "Kolaric, Spela"]
[Black "Pavelkova, Michaela"]
[Result "1/2-1/2"]
[WhiteElo "1890"]
[BlackElo "1886"]
[PlyCount "129"]
[EventDate "2008.09.15"]
[EventType "swiss"]
[EventRounds "9"]
[Source "lmi"]
[SourceDate "2008.09.15"]

1. e4 c5 2. Nf3 e6 3. d4 cxd4 4. Nxd4 a6 5. c4 Nf6 6. Bd3 Qc7 7. Qe2 d6 8. O-O
b6 9. Nc3 Bb7 10. Be3 Nbd7 11. f4 Nc5 12. Qc2 Rc8 13. Nb3 Ng4 14. Bxc5 bxc5 15.
Qe2 Nf6 16. Rad1 Nd7 17. Rf3 g6 18. Bc2 Be7 19. Rfd3 Bc6 20. Re3 Bf6 21. Qd2
Be7 22. Rh3 O-O 23. f5 Rfd8 24. Rf1 Nf6 25. Qh6 Rd7 26. g4 Qd8 27. Qf4 e5 28.
Qf3 g5 29. Rg3 Qf8 30. Kf2 Rb8 31. Rh1 Qh6 32. Qe3 Qh4 33. Bd1 Rb4 34. Kg2 Qh6
35. h4 Ne8 36. Be2 Qg7 37. h5 h6 38. Rd1 Bd8 39. Nd5 Bxd5 40. Rxd5 a5 41. Qd3
Ra7 42. Nxc5 Rxb2 43. Kf3 Bc7 44. Qa3 Rb1 45. Na4 Qf8 46. Nc3 Rb4 47. Nb5 Rxb5
48. Rxb5 Nf6 49. Rg1 Qa8 50. Bd3 Nd7 51. Rgb1 Qc6 52. Qa4 Kg7 53. Qc2 Bb6 54.
Rd1 Bd4 55. Be2 Bc5 56. Qd3 Bd4 57. Rd5 Nc5 58. Qd2 Rb7 59. Rxd4 exd4 60. Qxd4+
Kg8 61. Bd3 Qa4 62. Bb1 Qa3+ 63. Qe3 Qb2 64. Qe2 Qe5 65. Bc2 1/2-1/2

[Event "Europa ch s-16 femenino"]
[Site "Herceg Novi  MNT"]
[Date "2008.09.23"]
[Round "8.32"]
[White "Martins, Marta Sofia Cardoso"]
[Black "Messam-Sparks, Lateefah"]
[Result "0-1"]
[WhiteElo "1500"]
[BlackElo "1904"]
[PlyCount "86"]
[EventDate "2008.09.15"]
[EventType "swiss"]
[EventRounds "9"]
[Source "lmi"]
[SourceDate "2008.09.15"]

1. e4 c5 2. Nf3 Nc6 3. d4 cxd4 4. Nxd4 g6 5. Nc3 Bg7 6. Be3 Nf6 7. Bc4 O-O 8.
Bb3 a6 9. O-O Na5 10. h3 Nxb3 11. Nxb3 Qc7 12. Qd2 Re8 13. Rad1 b5 14. Nd5 Nxd5
15. Qxd5 Bb7 16. Qxd7 Qxd7 17. Rxd7 Bxe4 18. c3 Bf5 19. Rd2 Be6 20. Nc5 Bc4 21.
Rfd1 e6 22. Rd6 a5 23. Rb6 Red8 24. Rbd6 Bd5 25. Nb7 Rdc8 26. Rd7 Bc6 27. Nd6
Bxd7 28. Nxc8 Bxc8 29. Rd8+ Bf8 30. Bh6 Bb7 31. Rxa8 Bxa8 32. Bxf8 Kxf8 33. g3
Bd5 34. b3 Ke7 35. Kf1 Kd6 36. Ke2 Kc5 37. Kd3 e5 38. Kc2 a4 39. Kb2 axb3 40.
axb3 f5 41. Kc2 g5 42. b4+ Kc4 43. Kd2 h5 0-1

[Event "Europa ch s-16 femenino"]
[Site "Herceg Novi  MNT"]
[Date "2008.09.24"]
[Round "9.2"]
[White "Shvayger, Yuliya"]
[Black "Savina, Anastasia"]
[Result "0-1"]
[WhiteElo "2151"]
[BlackElo "2269"]
[PlyCount "92"]
[EventDate "2008.09.15"]
[EventType "swiss"]
[EventRounds "9"]
[Source "lmi"]
[SourceDate "2008.09.15"]

1. e4 c5 2. Nf3 Nc6 3. d4 cxd4 4. Nxd4 e5 5. Nb5 d6 6. a4 Nf6 7. N1c3 a6 8. Na3
Bg4 9. f3 Be6 10. Bc4 Qb6 11. Nd5 Bxd5 12. exd5 Ne7 13. c3 g6 14. b4 Bg7 15. a5
Qc7 16. Be3 O-O 17. O-O e4 18. Bd4 Nf5 19. fxe4 Nxd4 20. Qxd4 Ng4 21. Qd2 Rac8
22. Qf4 Ne5 23. Be2 Qxc3 24. b5 Qxa5 25. Kh1 Nd3 26. Bxd3 Bxa1 27. Nc4 Rxc4 28.
Bxc4 axb5 29. Be2 Be5 30. Qe3 b4 31. Rb1 Qa3 32. Qd2 Qc3 33. Qa2 Rc8 34. Bf1
Qe3 35. Qe2 Qxe2 36. Bxe2 b3 37. g3 b2 38. Kg2 Rc1 39. Bd3 Rc3 40. Be2 Re3 41.
Bf3 Ra3 42. Be2 Re3 43. Bf3 Rb3 44. Bd1 Rb4 45. Bc2 Rc4 46. Bd3 Rd4 0-1

[Event "Europa ch s-16 femenino"]
[Site "Herceg Novi  MNT"]
[Date "2008.09.24"]
[Round "9.3"]
[White "Repina, Varvara"]
[Black "Adamowicz, Katarzyna"]
[Result "1-0"]
[WhiteElo "2201"]
[BlackElo "2063"]
[PlyCount "133"]
[EventDate "2008.09.15"]
[EventType "swiss"]
[EventRounds "9"]
[Source "lmi"]
[SourceDate "2008.09.15"]

1. d4 d5 2. c4 c6 3. Nf3 Nf6 4. Nc3 e6 5. Bg5 Be7 6. e3 Nbd7 7. cxd5 exd5 8.
Bd3 O-O 9. Qc2 Re8 10. O-O Nf8 11. Rae1 Ng6 12. Ne5 Ng4 13. Bxe7 Qxe7 14. Nxg4
Bxg4 15. f4 Nf8 16. f5 f6 17. Qf2 Bh5 18. Kh1 Bf7 19. Rg1 c5 20. g4 h6 21. h4
Nh7 22. Bb5 Red8 23. Rg3 a6 24. Bd3 b5 25. Reg1 Re8 26. Ne2 c4 27. Bb1 a5 28.
Nf4 Ra6 29. R1g2 Rc8 30. Ne6 c3 31. Nc5 Rac6 32. bxc3 Rxc5 33. dxc5 Rxc5 34.
Qd2 Qe5 35. Qd4 Rxc3 36. Qxe5 fxe5 37. g5 hxg5 38. hxg5 Be8 39. f6 g6 40. Rc2
d4 41. Kg2 b4 42. exd4 exd4 43. Rd2 Bc6+ 44. Kf2 Rxg3 45. Kxg3 Nxg5 46. Bxg6
Ne4+ 47. Bxe4 Bxe4 48. Kf4 Bb1 49. Ke5 Kf7 50. Kxd4 Kxf6 51. Kc5 Bh7 52. Kb5
Bg8 53. Rb2 Ke5 54. Kxa5 b3 55. axb3 Kd4 56. Kb4 Kd3 57. Rg2 Bd5 58. Rg3+ Kd4
59. Kb5 Be6 60. b4 Bd7+ 61. Ka5 Kc4 62. Rg7 Be8 63. Rc7+ Kd5 64. b5 Kd6 65. b6
Bg6 66. Ka6 Be4 67. Rc1 1-0

[Event "Europa ch s-16 femenino"]
[Site "Herceg Novi  MNT"]
[Date "2008.09.24"]
[Round "9.4"]
[White "Soloviova, Liza"]
[Black "Anusca, Madalina-Maria"]
[Result "1-0"]
[WhiteElo "2148"]
[BlackElo "1949"]
[PlyCount "67"]
[EventDate "2008.09.15"]
[EventType "swiss"]
[EventRounds "9"]
[Source "lmi"]
[SourceDate "2008.09.15"]

1. Nf3 d5 2. d3 c5 3. c3 Nc6 4. Nbd2 e5 5. e4 Nf6 6. Be2 Be6 7. O-O Be7 8. Re1
O-O 9. a3 a5 10. a4 Ne8 11. exd5 Bxd5 12. Bf1 Qc7 13. Qe2 Bd6 14. Ne4 f5 15.
Nxd6 Nxd6 16. Nxe5 Rae8 17. f4 Nf7 18. Qf2 Ncxe5 19. fxe5 Rxe5 20. Rxe5 Qxe5
21. Bf4 Qe6 22. Qxc5 b6 23. Qe3 Qg6 24. Re1 Nd8 25. Qg3 Qxg3 26. Bxg3 Bb3 27.
Bc7 Bxa4 28. Bxb6 Nc6 29. d4 Rb8 30. Bc4+ Kh8 31. Bc7 Rc8 32. b3 h6 33. Bg3 Na7
34. Be6 1-0

[Event "Europa ch s-16 femenino"]
[Site "Herceg Novi  MNT"]
[Date "2008.09.24"]
[Round "9.5"]
[White "Schut, Donna"]
[Black "Abdulla, Khayala Mardan Qizi"]
[Result "0-1"]
[WhiteElo "2069"]
[BlackElo "2029"]
[PlyCount "154"]
[EventDate "2008.09.15"]
[EventType "swiss"]
[EventRounds "9"]
[Source "lmi"]
[SourceDate "2008.09.15"]

1. e4 c5 2. Nf3 e6 3. d4 cxd4 4. Nxd4 a6 5. Bd3 Nf6 6. O-O Qc7 7. Nc3 Nc6 8.
Be3 Ne5 9. h3 Bc5 10. Kh1 d6 11. f4 Ng6 12. Qe1 O-O 13. f5 e5 14. fxg6 exd4 15.
e5 dxe5 16. Rxf6 hxg6 17. Ne4 dxe3 18. Rxg6 fxg6 19. Bc4+ Rf7 20. Ng5 Be7 21.
Bxf7+ Kf8 22. Ne6+ Bxe6 23. Bxe6 Qb6 24. Bb3 Rc8 25. Qe2 Rc6 26. Qf3+ Bf6 27.
Qd5 Qc7 28. Rd1 Rd6 29. Qg8+ Ke7 30. Re1 Qc5 31. c3 Kd7 32. Qf7+ Kc8 33. Qxg6
Kb8 34. Qg3 Rd3 35. Be6 Qe7 36. Bf5 Bh4 37. Qf3 Bxe1 38. Bxd3 Bf2 39. Qd5 Qc7
40. Be2 Ka7 41. Bf3 Qe7 42. Qe4 Qc7 43. c4 Qe7 44. a3 Qc7 45. b4 Qd7 46. a4 Qc6
47. Qxe5 Qxc4 48. Kh2 Qxb4 49. a5 e2 50. Qxe2 Qf4+ 51. Kh1 Qc1+ 52. Qd1 Qxd1+
53. Bxd1 Be1 54. Kg1 Bxa5 55. Kf1 Kb6 56. Ke2 Kc5 57. Kd3 b5 58. Bf3 Bd8 59.
Kc3 a5 60. Kb3 Be7 61. Bd1 Kd4 62. Be2 a4+ 63. Kb2 Kc5 64. Ka2 b4 65. Bd1 b3+
66. Bxb3 axb3+ 67. Kxb3 Kd4 68. g4 Ke4 69. Kc4 Kf4 70. Kd5 Kg3 71. Ke6 Bf6 72.
Kf5 Kxh3 73. g5 Bc3 74. Kf4 Kh4 75. Kf5 Kh5 76. Kf4 Bd2+ 77. Kg3 Kxg5 0-1

[Event "Europa ch s-16 femenino"]
[Site "Herceg Novi  MNT"]
[Date "2008.09.24"]
[Round "9.6"]
[White "Gvanceladze, Anna"]
[Black "Semenova, Elena"]
[Result "0-1"]
[WhiteElo "2017"]
[BlackElo "2048"]
[PlyCount "106"]
[EventDate "2008.09.15"]
[EventType "swiss"]
[EventRounds "9"]
[Source "lmi"]
[SourceDate "2008.09.15"]

1. e4 e5 2. Nf3 Nf6 3. Nxe5 d6 4. Nf3 Nxe4 5. Nc3 Nxc3 6. dxc3 Be7 7. Bf4 Nc6
8. Qd2 Be6 9. Be2 Qd7 10. Ng5 Bxg5 11. Bxg5 a6 12. b3 f6 13. Be3 O-O-O 14.
O-O-O Rhe8 15. Rhe1 Re7 16. Kb2 Rde8 17. Ra1 Bg4 18. Bf1 h5 19. a4 Be6 20. f4
Na5 21. c4 Bf7 22. Qc3 Nc6 23. b4 Nxb4 24. g3 a5 25. Bf2 Bg6 26. Rec1 Qf5 27.
c5 d5 28. c6 b6 29. Bd4 Re4 30. Rd1 Qe6 31. Rac1 Qxc6 32. Qb3 Qd6 33. Rd2 Re1
34. Rxe1 Rxe1 35. Bh3+ Kb7 36. f5 Bf7 37. c3 Nc6 38. Bf2 Re5 39. Kc2 Ka7 40. g4
hxg4 41. Bxg4 Qe7 42. Qb5 Be8 43. Kb2 Re4 44. Bd1 Ne5 45. Qxa5+ Kb8 46. Qxd5
Nc4+ 47. Kb1 Nxd2+ 48. Qxd2 Bxa4 49. Bf3 Re5 50. Qa2 Qd7 51. Bd4 Qxf5+ 52. Kc1
Qf4+ 53. Kb1 Rb5+ 0-1

[Event "Europa ch s-16 femenino"]
[Site "Herceg Novi  MNT"]
[Date "2008.09.24"]
[Round "9.7"]
[White "Petrova, Irina"]
[Black "Suslova, Alena"]
[Result "0-1"]
[WhiteElo "2011"]
[BlackElo "2184"]
[PlyCount "114"]
[EventDate "2008.09.15"]
[EventType "swiss"]
[EventRounds "9"]
[Source "lmi"]
[SourceDate "2008.09.15"]

1. d4 Nf6 2. c4 g6 3. Nc3 Bg7 4. e4 d6 5. f3 O-O 6. Bg5 c5 7. d5 e6 8. Qd2 exd5
9. cxd5 a6 10. a4 Qa5 11. Nge2 Re8 12. Ng3 b5 13. Be2 Nbd7 14. O-O b4 15. Nd1
Ne5 16. Nh1 Bd7 17. Nhf2 Bb5 18. Ne3 Bxe2 19. Qxe2 b3 20. f4 Ned7 21. Nc4 Qc7
22. Qf3 Rab8 23. e5 dxe5 24. d6 Qb7 25. Qxb7 Rxb7 26. fxe5 Nd5 27. Rad1 N5b6
28. Na5 Rbb8 29. Nc6 Ra8 30. Ng4 h5 31. Nf6+ Bxf6 32. Bxf6 Nxa4 33. Rd3 c4 34.
Rdf3 Nxb2 35. Ne7+ Kh7 36. Bg5 f5 37. e6 Ne5 38. Re3 Nbd3 39. d7 b2 40. dxe8=Q
Rxe8 41. Nd5 Rxe6 42. Bf4 Rd6 43. Nc3 Nxf4 44. Rxe5 Rd3 45. Na4 c3 46. g3 Nd5
47. Rxd5 Rxd5 48. Nxc3 Rc5 49. Na2 Ra5 50. Nc3 Ra3 51. Nb1 Ra1 52. Nc3 a5 53.
Kg2 a4 54. Rf4 a3 55. Rb4 Rc1 56. Rb3 Rxc3 57. Rxc3 b1=Q 0-1

[Event "Europa ch s-16 femenino"]
[Site "Herceg Novi  MNT"]
[Date "2008.09.24"]
[Round "9.8"]
[White "Bulatkhanova, Bika"]
[Black "Kazimova, Narmin Nizami Qizi"]
[Result "0-1"]
[WhiteElo "1976"]
[BlackElo "2148"]
[PlyCount "94"]
[EventDate "2008.09.15"]
[EventType "swiss"]
[EventRounds "9"]
[Source "lmi"]
[SourceDate "2008.09.15"]

1. d4 Nf6 2. c4 e6 3. Nf3 b6 4. Nc3 Bb7 5. Bg5 d5 6. e3 Be7 7. cxd5 exd5 8. Bd3
O-O 9. O-O Nbd7 10. Rc1 c5 11. Bb1 Ne4 12. Bxe7 Qxe7 13. Qd3 c4 14. Qc2 f5 15.
Nd2 Rae8 16. f3 Nxc3 17. Qxc3 Qxe3+ 18. Qxe3 Rxe3 19. Rfe1 Rxe1+ 20. Rxe1 g6
21. Kf2 Kf7 22. a4 Re8 23. Rd1 a6 24. b3 b5 25. axb5 axb5 26. bxc4 bxc4 27. Bc2
Ra8 28. Rb1 Bc6 29. Ke1 Ra2 30. Kd1 Ke7 31. Rb4 Kd6 32. Nb1 Kc7 33. Nc3 Ra1+
34. Rb1 Rxb1+ 35. Bxb1 Kb6 36. Bc2 Ka5 37. Kd2 Kb4 38. Na2+ Ka3 39. Nc3 Nf8 40.
g3 Ne6 41. Ne2 Ng5 42. Ng1 Kb2 43. h4 c3+ 44. Kd1 Ne6 45. Ne2 Bb5 46. Nc1 Nxd4
47. Bd3 Ba4+ 0-1